[Event "DVM U16 2007"]
[Site "Uelzen GER"]
[Date "2007.12.27"]
[Round "2"]
[White "Colpe, Malte"]
[Black "Früchel, Marcel"]
[Result "1-0"]
[Termination "normal"]
[Board "5.2"]
[WhiteElo "2020"]
[BlackElo "1761"]
[WhiteTeam "Hamburger SK"]
[BlackTeam "SF Deizisau"]
[PlyCount "135"]
[WhiteFideId "24623075"]
[BlackFideId "24667218"]
[EventCountry "GER"]
[EventRounds "7"]
[EventType "team-swiss"]
[EventDate "2007.12.26"]

1. Nf3 Nf6 2. d4 e6 3. c4 b6 4. g3 Bb7 5. Bg2 Bb4+ 6. Nbd2 O-O 7. O-O Bxd2 8.
Qxd2 d6 9. b4 Nbd7 10. Bb2 Qe7 11. Qc2 Rfe8 12. Rfe1 Be4 13. Qb3 d5 14. c5 bxc5
15. dxc5 Rab8 16. Qc3 e5 17. e3 c6 18. a4 a6 19. Rad1 h6 20. h3 Qe6 21. Nd2
Bxg2 22. Kxg2 Nf8 23. f3 N8h7 24. g4 Nf8 25. Nf1 Ng6 26. Ng3 Nh4+ 27. Kf2 Nh7
28. f4 f6 29. Ne2 Kh8 30. f5 Qf7 31. Kg3 g5 32. Ba3 Red8 33. Kf2 Qd7 34. e4 d4
35. Qd3 Kg7 36. Nc1 Rdc8 37. Nb3 Ra8 38. Na5 Rcb8 39. Nc4 Qf7 40. Nd6 Qd7 41.
Qc4 Nf8 42. Bb2 Ra7 43. Kg3 Kh7 44. Re2 Qe7 45. Rde1 Nd7 46. Rb1 Kg7 47. Bc1
Nxc5 48. Qxc5 Rd7 49. Ba3 Qxd6 50. Qxd6 Rxd6 51. b5 Rdd8 52. b6 a5 53. Kf2 d3
54. Rd2 Rd4 55. Bc5 Rc4 56. Be3 Kf7 57. Rxd3 Rb7 58. Rbd1 Ke7 59. Rd6 Rc2+ 60.
R1d2 Rxd2+ 61. Rxd2 Rd7 62. Rc2 Rd3 63. Rxc6 Rb3 64. Rc7+ Kd8 65. Bc5 Rb2+ 66.
Ke3 Ng2+ 67. Kd3 Nf4+ 68. Kc4 1-0

[Event "DVM U16 2007"]
[Site "Uelzen GER"]
[Date "2007.12.27"]
[Round "2"]
[White "Rempeli, Alex"]
[Black "Ma, Beini"]
[Result "0-1"]
[Termination "normal"]
[Board "5.3"]
[WhiteElo "1706"]
[BlackElo "1953"]
[WhiteTeam "SF Deizisau"]
[BlackTeam "Hamburger SK"]
[PlyCount "54"]
[WhiteFideId "24645931"]
[BlackFideId "24630101"]
[EventCountry "GER"]
[EventRounds "7"]
[EventType "team-swiss"]
[EventDate "2007.12.26"]

1. d4 Nf6 2. c4 e6 3. Nc3 Bb4 4. e3 O-O 5. Bd3 c5 6. a3 Bxc3+ 7. bxc3 d5 8. Nf3
Nc6 9. O-O b6 10. Qc2 Ba6 11. Nd2 Rc8 12. Qa4 Na5 13. Rb1 cxd4 14. exd4 dxc4
15. Be2 Nd5 16. Qc2 Nb3 17. Ne4 Nxc1 18. Rfxc1 Bb7 19. Nd2 Qg5 20. Ne4 Qe7 21.
Nd2 Nf4 22. Bf1 Nh3+ 23. Kh1 Qg5 24. f3 Nf2+ 25. Kg1 Qe3 26. Nxc4 Nh3+ 27. Kh1
Qg1# 0-1

[Event "DVM U16 2007"]
[Site "Uelzen GER"]
[Date "2007.12.27"]
[Round "2"]
[White "Daedrich, Timo"]
[Black "Rothengaß, Marc"]
[Result "1/2-1/2"]
[Termination "normal"]
[Board "5.4"]
[WhiteElo "1432"]
[BlackElo "1485"]
[WhiteTeam "Hamburger SK"]
[BlackTeam "SF Deizisau"]
[PlyCount "58"]
[BlackFideId "24659606"]
[EventCountry "GER"]
[EventRounds "7"]
[EventType "team-swiss"]
[EventDate "2007.12.26"]

1. e4 d5 2. exd5 Qxd5 3. Nc3 Qa5 4. d4 c6 5. Bc4 Nf6 6. Nf3 Bg4 7. h3 Bh5 8. g4
Bg6 9. Ne5 e6 10. Bd2 Qd8 11. Be3 Nd5 12. Nxd5 exd5 13. Bb3 Nd7 14. Nxg6 hxg6
15. Qd2 Qc7 16. Bf4 Bd6 17. Qe3+ Kd8 18. Bxd6 Qxd6 19. O-O-O Re8 20. Qg5+ Qf6
21. Qxf6+ Nxf6 22. Rhe1 Kd7 23. f3 Rh8 24. Rh1 Rae8 25. Kd2 Re6 26. Rde1 Rhe8
27. c3 Rxe1 28. Rxe1 Rxe1 29. Kxe1 Nh7 1/2-1/2

[Event "DVM U16 2007"]
[Site "Uelzen GER"]
[Date "2007.12.27"]
[Round "2"]
[White "Wendling, Hannes"]
[Black "Meißner, Felix"]
[Result "1-0"]
[Termination "normal"]
[Board "6.1"]
[WhiteElo "2146"]
[BlackElo "2047"]
[WhiteTeam "SV Empor Erfurt"]
[BlackTeam "SC Leipzig-Gohlis"]
[PlyCount "89"]
[WhiteFideId "24624284"]
[BlackFideId "24671827"]
[EventCountry "GER"]
[EventRounds "7"]
[EventType "team-swiss"]
[EventDate "2007.12.26"]

1. c4 e5 2. Nc3 g6 3. g3 Bg7 4. Bg2 Ne7 5. e3 Nbc6 6. Nge2 O-O 7. O-O d6 8. Rb1
Be6 9. Nd5 a5 10. a3 f5 11. b4 axb4 12. axb4 e4 13. Nef4 Bf7 14. d3 exd3 15.
Nxd3 Nxd5 16. cxd5 Ne5 17. Bb2 Nxd3 18. Qxd3 Bxb2 19. Rxb2 Qf6 20. Rc2 Rfc8 21.
h4 Be8 22. Kh2 Ra1 23. Rxa1 Qxa1 24. e4 Bd7 25. Rc3 Qa7 26. Qc2 Qb6 27. Bh3 Rf8
28. f4 Qxb4 29. Rxc7 Ba4 30. Qa2 Be8 31. e5 Rf7 32. Rc8 Re7 33. Qa8 Kf8 34. Qb8
Kf7 35. e6+ Kf8 36. Rd8 h6 37. Qxd6 Qxd6 38. Rxd6 Rc7 39. Rb6 Rc5 40. Bg2 Rb5
41. Rxb5 Bxb5 42. d6 b6 43. Kg1 Ke8 44. Kf2 Bd7 45. Bd5 1-0

[Event "DVM U16 2007"]
[Site "Uelzen GER"]
[Date "2007.12.27"]
[Round "2"]
[White "Balßuweit, Michael"]
[Black "Heistermann, Till"]
[Result "1-0"]
[Termination "normal"]
[Board "6.3"]
[WhiteElo "1473"]
[BlackElo "1700"]
[WhiteTeam "SV Empor Erfurt"]
[BlackTeam "SC Leipzig-Gohlis"]
[PlyCount "75"]
[EventCountry "GER"]
[EventRounds "7"]
[EventType "team-swiss"]
[EventDate "2007.12.26"]

1. e4 c5 2. Nf3 e6 3. d4 cxd4 4. Nxd4 a6 5. Nc3 Qc7 6. Be3 Nf6 7. f3 Be7 8. Qd2
d6 9. O-O-O b5 10. Bxb5+ axb5 11. Ndxb5 Qd8 12. Nxd6+ Bxd6 13. Qxd6 Qxd6 14.
Rxd6 Nbd7 15. Rhd1 Ke7 16. a3 h6 17. Bf2 g5 18. Bd4 e5 19. Be3 Bb7 20. Ne2 Ra6
21. Ng3 Rxd6 22. Nf5+ Kf8 23. Rxd6 Kg8 24. c4 Kh7 25. c5 Rc8 26. Ne7 Re8 27. c6
Rxe7 28. cxb7 Kg7 29. Ba7 Kf8 30. b8=Q+ Nxb8 31. Bxb8 Kg7 32. a4 Rb7 33. Rd8
Nd7 34. Bd6 Nb6 35. Bxe5+ f6 36. Rb8 Rxb8 37. Bxb8 Nxa4 38. Ba7 1-0

[Event "DVM U16 2007"]
[Site "Uelzen GER"]
[Date "2007.12.27"]
[Round "2"]
[White "Ohme, Markus"]
[Black "König, Tobias Marius"]
[Result "1-0"]
[Termination "normal"]
[Board "6.4"]
[WhiteElo "1239"]
[BlackElo "1367"]
[WhiteTeam "SC Leipzig-Gohlis"]
[BlackTeam "SV Empor Erfurt"]
[PlyCount "65"]
[EventCountry "GER"]
[EventRounds "7"]
[EventType "team-swiss"]
[EventDate "2007.12.26"]

1. e4 d6 2. d4 Nf6 3. Nc3 g6 4. Nf3 Bg7 5. Bc4 O-O 6. Bg5 c6 7. Qd2 b5 8. Bb3
b4 9. Ne2 a5 10. Ng3 Ba6 11. c3 c5 12. Bc2 Nbd7 13. Bd3 Qc8 14. O-O Qb7 15.
Bxa6 Rxa6 16. e5 bxc3 17. bxc3 Nd5 18. c4 Nb4 19. Bxe7 Re8 20. Bxd6 cxd4 21.
Rab1 Qa7 22. Rfe1 Nc6 23. Qf4 a4 24. c5 d3 25. Nf1 Nxc5 26. Qc4 Nd7 27. e6 fxe6
28. Rxe6 Rxe6 29. Qxe6+ Kh8 30. Ng5 Nd8 31. Qe8+ Nf8 32. Bxf8 Rf6 33. Bc5+ 1-0

[Event "DVM U16 2007"]
[Site "Uelzen GER"]
[Date "2007.12.27"]
[Round "2"]
[White "Neukötter, Max"]
[Black "Stitterich, Nadine"]
[Result "1-0"]
[Termination "normal"]
[Board "7.1"]
[WhiteElo "1936"]
[BlackElo "1745"]
[WhiteTeam "SF Paderborn"]
[BlackTeam "SV Stuttgart-Wolfbusch"]
[PlyCount "163"]
[WhiteFideId "24648108"]
[BlackFideId "24676527"]
[EventCountry "GER"]
[EventRounds "7"]
[EventType "team-swiss"]
[EventDate "2007.12.26"]

1. e4 e5 2. Nf3 Nc6 3. Bb5 a6 4. Ba4 Nf6 5. O-O d6 6. h3 Be7 7. Re1 O-O 8. c3
b5 9. Bb3 Bb7 10. d4 exd4 11. cxd4 Na5 12. Bc2 c5 13. d5 Nd7 14. b3 Bf6 15. e5
Nxe5 16. Nxe5 Bxe5 17. Qd3 g6 18. Nc3 b4 19. Rxe5 dxe5 20. Ne4 Bxd5 21. Qxd5
Qxd5 22. Nf6+ Kg7 23. Nxd5 Nc6 24. Be3 Nd4 25. Bxd4 exd4 26. Bd3 a5 27. Rd1
Rac8 28. Nb6 Rc7 29. Re1 Rb8 30. Na4 Kf6 31. Kf1 h5 32. Rc1 Rbc8 33. Bc4 Rd8
34. Bd3 Rdc8 35. Ke2 Ke7 36. Nb6 Rd8 37. Nc4 Ra8 38. f4 Ke6 39. Kf3 Kf6 40. g4
hxg4+ 41. hxg4 Rh8 42. g5+ Kg7 43. Kg3 Re8 44. Kf3 Rh8 45. Kg3 Re8 46. Ne5 Ra8
47. Be4 Re8 48. Bd5 Rec8 49. f5 gxf5 50. Kf4 f6 51. gxf6+ Kxf6 52. Rh1 Kg7 53.
Rg1+ Kf6 54. Rg6+ Ke7 55. Re6+ Kf8 56. Kxf5 Kg7 57. Rg6+ Kh7 58. Nf7 Rf8 59.
Kf6 Rfxf7+ 60. Bxf7 Rc6+ 61. Kg5 Rc7 62. Bg8+ Kh8 63. Bc4 Rd7 64. Rh6+ Kg7 65.
Rh3 Re7 66. Rh2 Re3 67. Rd2 Kf8 68. Kf4 Kg7 69. Kf5 Kf8 70. Kf6 Rf3+ 71. Ke5
Ke7 72. Kd5 Rf5+ 73. Kc6 Kf6 74. Kb5 Kg5 75. Rg2+ Kh4 76. Kxa5 Re5 77. Re2 Rg5
78. Kb5 Kg3 79. Re6 Kf2 80. Rc6 d3 81. Bxd3 c4+ 82. Kxc4 1-0

[Event "DVM U16 2007"]
[Site "Uelzen GER"]
[Date "2007.12.27"]
[Round "2"]
[White "Nonhoff, Marko"]
[Black "Häcker, Katrin"]
[Result "0-1"]
[Termination "normal"]
[Board "7.3"]
[WhiteElo "1706"]
[BlackElo "1463"]
[WhiteTeam "SF Paderborn"]
[BlackTeam "SV Stuttgart-Wolfbusch"]
[PlyCount "114"]
[WhiteFideId "4648269"]
[BlackFideId "24667986"]
[EventCountry "GER"]
[EventRounds "7"]
[EventType "team-swiss"]
[EventDate "2007.12.26"]

1. e4 e5 2. Nc3 Nf6 3. f4 d6 4. Nf3 Nc6 5. Bb5 Qe7 6. d3 Bd7 7. O-O O-O-O 8.
Be3 Nh5 9. Nd5 Qe8 10. Nxe5 dxe5 11. Qxh5 exf4 12. Bxf4 Bc5+ 13. Kh1 g6 14. Qh4
Qe6 15. Nxc7 Qe7 16. Bg5 Qe5 17. Bxd8 Rxd8 18. Nd5 Qxb2 19. Bxc6 Bxc6 20. Ne7+
Bxe7 21. Qxe7 Qxc2 22. Rxf7 Rd7 23. Qe6 Qxd3 24. Rxd7 Qxd7 25. Qxd7+ Kxd7 26.
Re1 Ke6 27. e5 Bd5 28. a3 b5 29. Kg1 a5 30. Kf2 b4 31. axb4 axb4 32. Kg3 b3 33.
Kf4 Bxg2 34. h4 Bd5 35. Ra1 h6 36. Ra6+ Kf7 37. Rf6+ Kg7 38. Rd6 Bc4 39. Rd7+
Kf8 40. h5 gxh5 41. Kf5 Ke8 42. e6 b2 43. Rb7 Bd3+ 44. Kf4 b1=Q 45. Rxb1 Bxb1
46. Kg3 Bg6 47. Kh4 Ke7 48. Kg3 Kxe6 49. Kh4 Kf5 50. Kg3 Kg5 51. Kh3 Bf5+ 52.
Kg3 h4+ 53. Kh2 Kf4 54. Kg2 Kg4 55. Kh2 h3 56. Kg1 Kg3 57. Kh1 Be4+ 0-1

[Event "DVM U16 2007"]
[Site "Uelzen GER"]
[Date "2007.12.27"]
[Round "2"]
[White "Hamm, Lukas"]
[Black "Bullmann, Jan"]
[Result "1-0"]
[Termination "normal"]
[Board "7.4"]
[WhiteElo "1472"]
[BlackElo "1403"]
[WhiteTeam "SV Stuttgart-Wolfbusch"]
[BlackTeam "SF Paderborn"]
[PlyCount "29"]
[WhiteFideId "24659690"]
[EventCountry "GER"]
[EventRounds "7"]
[EventType "team-swiss"]
[EventDate "2007.12.26"]

1. e4 e5 2. Nf3 Nc6 3. Bc4 Bc5 4. c3 Nf6 5. d4 exd4 6. cxd4 Bb4+ 7. Nc3 Nxe4 8.
O-O Nxc3 9. bxc3 Bxc3 10. Qb3 Nxd4 11. Qxc3 Nxf3+ 12. Qxf3 O-O 13. Bb2 d6 14.
Qg3 g6 15. Qc3 1-0

[Event "DVM U16 2007"]
[Site "Uelzen GER"]
[Date "2007.12.27"]
[Round "2"]
[White "Hinz, Arne"]
[Black "Kachibadze, Georg"]
[Result "0-1"]
[Termination "normal"]
[Board "8.1"]
[WhiteElo "1968"]
[BlackElo "2085"]
[WhiteTeam "SG Bochum"]
[BlackTeam "TuS Makkabi Berlin"]
[PlyCount "74"]
[WhiteFideId "24634875"]
[BlackFideId "24640794"]
[EventCountry "GER"]
[EventRounds "7"]
[EventType "team-swiss"]
[EventDate "2007.12.26"]

1. e4 c5 2. c4 Nc6 3. Nc3 g6 4. g3 Bg7 5. Bg2 d6 6. Nge2 e5 7. O-O Nf6 8. d3
O-O 9. f4 Nd4 10. h3 Ne8 11. Nd5 f5 12. Nec3 Be6 13. Rb1 Nc7 14. b4 Bxd5 15.
Nxd5 Nxd5 16. cxd5 Qb6 17. Be3 cxb4 18. Kh2 Rac8 19. a3 b3 20. Bxd4 Qxd4 21.
Rxb3 b6 22. Qb1 Rc5 23. Rc1 Rfc8 24. Rxc5 Rxc5 25. Rb5 Rc8 26. Rb4 Qe3 27. Rc4
Rxc4 28. dxc4 exf4 29. gxf4 Qxf4+ 30. Kg1 Bd4+ 31. Kh1 Be5 32. Kg1 fxe4 33.
Bxe4 Qe3+ 34. Kf1 Qxh3+ 35. Bg2 Qxa3 36. Qb5 Qc1+ 37. Ke2 Qb2+ 0-1

[Event "DVM U16 2007"]
[Site "Uelzen GER"]
[Date "2007.12.27"]
[Round "2"]
[White "Kropman, Alexei"]
[Black "Butschek, Marc"]
[Result "1-0"]
[Termination "normal"]
[Board "8.2"]
[WhiteElo "1912"]
[BlackElo "1665"]
[WhiteTeam "TuS Makkabi Berlin"]
[BlackTeam "SG Bochum"]
[PlyCount "80"]
[WhiteFideId "24670723"]
[BlackFideId "4630904"]
[EventCountry "GER"]
[EventRounds "7"]
[EventType "team-swiss"]
[EventDate "2007.12.26"]

1. e4 e5 2. Nc3 Nf6 3. Bc4 Bb4 4. d3 O-O 5. Nf3 d6 6. O-O h6 7. a3 Ba5 8. b4
Bb6 9. Na4 Bg4 10. Nxb6 axb6 11. Be3 Nbd7 12. h3 Be6 13. Nd2 c6 14. Bb3 Qe7 15.
f4 Bxb3 16. cxb3 d5 17. fxe5 Nxe5 18. d4 Ng6 19. e5 Nd7 20. Qf3 Qe6 21. Qg3 Ra7
22. Nf3 b5 23. Ra2 Rfa8 24. Bc1 b6 25. h4 Ne7 26. Raf2 Rf8 27. Nh2 c5 28. Ng4
Kh8 29. bxc5 bxc5 30. Nxh6 gxh6 31. Rf6 Nxf6 32. Rxf6 Qxf6 33. exf6 Rg8 34. Qf4
Rg6 35. Qb8+ Nc8 36. Qxc8+ Kh7 37. Qxc5 Ra6 38. Qxd5 Raxf6 39. Qxb5 Re6 40. Bf4
Re4 1-0

[Event "DVM U16 2007"]
[Site "Uelzen GER"]
[Date "2007.12.27"]
[Round "2"]
[White "Golosnyak, Alexander"]
[Black "Paris, Grigori"]
[Result "0-1"]
[Termination "normal"]
[Board "8.3"]
[WhiteElo "1390"]
[BlackElo "1442"]
[WhiteTeam "SG Bochum"]
[BlackTeam "TuS Makkabi Berlin"]
[PlyCount "106"]
[WhiteFideId "24659703"]
[BlackFideId "24651303"]
[EventCountry "GER"]
[EventRounds "7"]
[EventType "team-swiss"]
[EventDate "2007.12.26"]

1. e4 c5 2. Nf3 d6 3. d4 cxd4 4. Nxd4 Nf6 5. Nc3 g6 6. Bc4 Bg7 7. f3 O-O 8. Be3
Nc6 9. Qd2 Bd7 10. O-O-O Rc8 11. Bb3 Ne5 12. h3 Nc4 13. Bxc4 Rxc4 14. Qe2 Rc8
15. Rd2 Qa5 16. Nb3 Qc7 17. Kb1 a6 18. Rhd1 b5 19. g4 b4 20. Nd5 Nxd5 21. Rxd5
Bb5 22. Qf2 Bc4 23. Bb6 Qb8 24. R5d2 Bxb3 25. cxb3 Rc6 26. Bd4 Rfc8 27. Bxg7
Kxg7 28. Rf1 Qc7 29. Qe1 Rc2 30. Qd1 Rxd2 31. Qxd2 Qc5 32. Rc1 Qxc1+ 33. Qxc1
Rxc1+ 34. Kxc1 Kf6 35. h4 Ke5 36. Kd2 Kf4 37. g5 Kxf3 38. Kd3 e5 39. a3 a5 40.
axb4 axb4 41. Kc4 Kxe4 42. Kxb4 Kd3 43. Ka4 e4 44. b4 e3 45. b5 e2 46. b6 e1=Q
47. b7 Qe8+ 48. Ka3 Qb8 49. b4 Qxb7 50. Kb3 d5 51. Ka2 Qxb4 52. Ka1 Kc2 53. Ka2
Qa4# 0-1

[Event "DVM U16 2007"]
[Site "Uelzen GER"]
[Date "2007.12.27"]
[Round "2"]
[White "Sawlin, Leonid"]
[Black "Ryvkin, Leonid"]
[Result "0-1"]
[Termination "normal"]
[Board "8.4"]
[WhiteElo "1520"]
[BlackElo "1231"]
[WhiteTeam "TuS Makkabi Berlin"]
[BlackTeam "SG Bochum"]
[PlyCount "80"]
[WhiteFideId "4689542"]
[EventCountry "GER"]
[EventRounds "7"]
[EventType "team-swiss"]
[EventDate "2007.12.26"]

1. e4 Nf6 2. e5 Nd5 3. Bc4 Nb6 4. Bb3 c5 5. c3 g6 6. d4 c4 7. Bc2 Bg7 8. Be3
Nd5 9. Qe2 O-O 10. Nd2 Nxe3 11. Qxe3 Qc7 12. Ngf3 b5 13. O-O Bb7 14. a4 bxa4
15. Bxa4 a6 16. Qe2 Bd5 17. Rfb1 d6 18. exd6 exd6 19. Bc2 Nd7 20. Be4 Rae8 21.
Ng5 Bxe4 22. Ngxe4 d5 23. f3 f5 24. Rxa6 fxe4 25. fxe4 dxe4 26. Nxc4 e3 27.
Nxe3 Bh6 28. Qc4+ Qxc4 29. Nxc4 Nf6 30. Ne5 Be3+ 31. Kh1 Ne4 32. Ng4 Nf2+ 33.
Nxf2 Rxf2 34. d5 Ref8 35. h3 Rd2 36. d6 Bc5 37. b4 Bxd6 38. c4 Bg3 39. c5 Rfd8
40. Raa1 Be5 0-1

[Event "DVM U16 2007"]
[Site "Uelzen GER"]
[Date "2007.12.27"]
[Round "2"]
[White "Moshtael, Wesal"]
[Black "Meier, Lars"]
[Result "1-0"]
[Termination "normal"]
[Board "9.1"]
[WhiteElo "2113"]
[BlackElo "1864"]
[WhiteTeam "SK Johanneum Eppendorf"]
[BlackTeam "SK Gründau"]
[PlyCount "117"]
[WhiteFideId "24618551"]
[BlackFideId "24602396"]
[EventCountry "GER"]
[EventRounds "7"]
[EventType "team-swiss"]
[EventDate "2007.12.26"]

1. Nf3 Nf6 2. g3 d5 3. Bg2 Nc6 4. d4 Bg4 5. Nbd2 Qd7 6. Ne5 Qd6 7. Nxg4 Nxg4 8.
c3 Nf6 9. Nf3 e6 10. O-O Qd7 11. b4 Bd6 12. Nd2 a6 13. e4 dxe4 14. Nxe4 Nxe4
15. Bxe4 O-O 16. Bb2 Rab8 17. Qc2 h6 18. a3 f5 19. Bg2 e5 20. d5 Nd8 21. c4 Nf7
22. c5 Be7 23. Rfe1 e4 24. Rad1 Ng5 25. c6 Qd6 26. Bc1 Bf6 27. Bf4 Be5 28. Bxe5
Qxe5 29. f4 Qd6 30. fxg5 hxg5 31. cxb7 Rxb7 32. Qc6 Qxc6 33. dxc6 Rb6 34. Rc1
Rd8 35. Rc5 g6 36. Bf1 Rd6 37. Rec1 Kg7 38. Ra5 Rdxc6 39. Rxc6 Rxc6 40. Rxa6
Rc1 41. b5 e3 42. Rc6 Ra1 43. Rxc7+ Kf6 44. Rc2 Rxa3 45. Rb2 Ra1 46. b6 e2 47.
Rxe2 Rb1 48. Ra2 Rxb6 49. Ra6 Rxa6 50. Bxa6 g4 51. Kf2 Ke5 52. Ke3 g5 53. Bc8
f4+ 54. Kd3 Kd5 55. Bxg4 Ke5 56. Bf3 Kf5 57. g4+ Ke5 58. h3 Kf6 59. Kd4 1-0

[Event "DVM U16 2007"]
[Site "Uelzen GER"]
[Date "2007.12.27"]
[Round "2"]
[White "Tautz, Hendrik"]
[Black "Stellfeld, Tilman"]
[Result "1/2-1/2"]
[Termination "normal"]
[Board "9.2"]
[WhiteElo "1583"]
[BlackElo "1586"]
[WhiteTeam "SK Gründau"]
[BlackTeam "SK Johanneum Eppendorf"]
[PlyCount "69"]
[WhiteFideId "4677536"]
[BlackFideId "24651311"]
[EventCountry "GER"]
[EventRounds "7"]
[EventType "team-swiss"]
[EventDate "2007.12.26"]

1. e4 c5 2. Nf3 e6 3. d4 cxd4 4. c3 Nf6 5. e5 Nd5 6. cxd4 d6 7. Bc4 Nb6 8. Bb3
Bd7 9. O-O Bc6 10. Bf4 Qc7 11. Nc3 dxe5 12. dxe5 Be7 13. Rc1 a6 14. Qe2 N8d7
15. Nd4 O-O 16. Nxc6 bxc6 17. Rfe1 Qb7 18. a3 Nd5 19. Nxd5 cxd5 20. Ba4 Nc5 21.
Bc2 Rfc8 22. b4 Nd7 23. Ba4 Nb6 24. Bb3 Nd7 25. Rc2 Rxc2 26. Bxc2 a5 27. Qd3 g6
28. b5 Bf8 29. a4 Rc8 30. Bg3 Bb4 31. Rd1 Rc3 32. Qe2 Qc7 33. Bb1 Nb6 34. Bf4
Nxa4 35. Bd2 1/2-1/2

[Event "DVM U16 2007"]
[Site "Uelzen GER"]
[Date "2007.12.27"]
[Round "2"]
[White "Rabinovitch, Alexej"]
[Black "Hahn, Florian"]
[Result "1-0"]
[Termination "normal"]
[Board "9.3"]
[WhiteElo "1674"]
[BlackElo "1501"]
[WhiteTeam "SK Johanneum Eppendorf"]
[BlackTeam "SK Gründau"]
[PlyCount "49"]
[WhiteFideId "12921696"]
[BlackFideId "24659720"]
[EventCountry "GER"]
[EventRounds "7"]
[EventType "team-swiss"]
[EventDate "2007.12.26"]

1. Nc3 c5 2. Nf3 d6 3. d4 cxd4 4. Nxd4 Nf6 5. Bg5 e6 6. Qd2 a6 7. O-O-O Be7 8.
g3 Qc7 9. Bg2 Nc6 10. e4 h6 11. Be3 e5 12. Nb3 b5 13. f4 Bb7 14. Nd5 Nxd5 15.
exd5 exf4 16. Bxf4 Nd8 17. Rhe1 Kf8 18. Nd4 g5 19. Rxe7 Qxe7 20. Nf5 Qd7 21.
Bxd6+ Kg8 22. Ne7+ Kg7 23. Qd4+ f6 24. Qxf6+ Kxf6 25. Rf1+ 1-0

[Event "DVM U16 2007"]
[Site "Uelzen GER"]
[Date "2007.12.27"]
[Round "2"]
[White "Kolb, Niklas"]
[Black "Von Kügelgen, Julius"]
[Result "1-0"]
[Termination "normal"]
[Board "9.4"]
[WhiteElo "1327"]
[BlackElo "1532"]
[WhiteTeam "SK Gründau"]
[BlackTeam "SK Johanneum Eppendorf"]
[PlyCount "51"]
[WhiteFideId "24659746"]
[BlackFideId "24657468"]
[EventCountry "GER"]
[EventRounds "7"]
[EventType "team-swiss"]
[EventDate "2007.12.26"]

1. e4 c5 2. Nf3 d6 3. Nc3 e6 4. d4 cxd4 5. Nxd4 a6 6. Bd3 Nf6 7. O-O Nbd7 8.
Re1 b5 9. a3 Bb7 10. Kh1 Nc5 11. f3 Nxd3 12. cxd3 Be7 13. Be3 O-O 14. Rc1 Rc8
15. Qd2 Nd7 16. Nce2 d5 17. Rxc8 Qxc8 18. Bf2 Bc5 19. Rc1 Qa8 20. Ng3 e5 21.
Ndf5 Bxf2 22. Qxf2 d4 23. Qd2 Qb8 24. Qg5 g6 25. Qh6 gxf5 26. Nxf5 1-0

[Event "DVM U16 2007"]
[Site "Uelzen GER"]
[Date "2007.12.27"]
[Round "2"]
[White "Meyer, Jens"]
[Black "Lichmann, Peter"]
[Result "0-1"]
[Termination "normal"]
[Board "10.1"]
[WhiteElo "1545"]
[BlackElo "2324"]
[WhiteTeam "SC Réti Heusweiler"]
[BlackTeam "SV Werder Bremen"]
[PlyCount "94"]
[WhiteFideId "4657993"]
[BlackFideId "14111268"]
[EventCountry "GER"]
[EventRounds "7"]
[EventType "team-swiss"]
[EventDate "2007.12.26"]

1. e4 c5 2. Nf3 e6 3. d3 Nc6 4. g3 g6 5. Bg2 Bg7 6. O-O Nge7 7. Nc3 O-O 8. Ne1
Nd4 9. f4 d6 10. Nf3 Nec6 11. Nxd4 Nxd4 12. Ne2 Bd7 13. Rb1 Rb8 14. c4 b5 15.
b3 Bc6 16. Be3 bxc4 17. dxc4 e5 18. fxe5 dxe5 19. Nc3 f5 20. Nd5 Qd6 21. Bg5
Bxd5 22. exd5 f4 23. gxf4 exf4 24. Qg4 h6 25. Bxf4 Rxf4 26. Rxf4 Qxf4 27. Qxf4
Ne2+ 28. Kf2 Nxf4 29. Be4 Be5 30. Kf3 Kf7 31. h4 Kf6 32. Re1 a5 33. Rd1 Bd6 34.
Bc2 Re8 35. Rd2 Re1 36. Rf2 Rh1 37. Ke3 Rxh4 38. Kd2 g5 39. Be4 Ke5 40. Bc2 Kd4
41. Bd1 Rh1 42. a4 h5 43. Bf3 Ra1 44. Bd1 h4 45. Be2 h3 46. Rf3 h2 47. Re3 h1=Q
0-1

[Event "DVM U16 2007"]
[Site "Uelzen GER"]
[Date "2007.12.27"]
[Round "2"]
[White "Stelter, Frederik"]
[Black "Meiser, Michael"]
[Result "0-1"]
[Termination "normal"]
[Board "10.4"]
[WhiteElo "1379"]
[BlackElo "1451"]
[WhiteTeam "SV Werder Bremen"]
[BlackTeam "SC Réti Heusweiler"]
[PlyCount "42"]
[BlackFideId "24659762"]
[EventCountry "GER"]
[EventRounds "7"]
[EventType "team-swiss"]
[EventDate "2007.12.26"]

1. b3 Nf6 2. Bb2 d5 3. e3 c5 4. c4 Nc6 5. cxd5 Nxd5 6. Bb5 Bd7 7. Ne2 e6 8. O-O
a6 9. Bxc6 Bxc6 10. d4 Qg5 11. Ng3 Bd6 12. dxc5 Bxc5 13. Qh5 Qxh5 14. Nxh5 f6
15. Nxg7+ Kf7 16. Nh5 Rag8 17. Ng3 h5 18. h4 Ne7 19. e4 Ng6 20. Nd2 Nxh4 21. a3
Rxg3 0-1

[Event "DVM U16 2007"]
[Site "Uelzen GER"]
[Date "2007.12.28"]
[Round "3"]
[White "Zelbel, Patrick"]
[Black "Kaphle, Stephan"]
[Result "1-0"]
[Termination "normal"]
[Board "1.1"]
[WhiteElo "2227"]
[BlackElo "2147"]
[WhiteTeam "SF Brackel"]
[BlackTeam "Post SV Uelzen"]
[PlyCount "79"]
[WhiteFideId "24624322"]
[BlackFideId "24629103"]
[EventCountry "GER"]
[EventRounds "7"]
[EventType "team-swiss"]
[EventDate "2007.12.26"]

1. e4 c5 2. c3 Nf6 3. e5 Nd5 4. d4 cxd4 5. Qxd4 e6 6. Nf3 Nc6 7. Qe4 d6 8. Bb5
Bd7 9. c4 Nc7 10. exd6 Bxd6 11. O-O Qe7 12. Rd1 O-O-O 13. Nc3 f6 14. Be3 Bc5
15. Na4 Bxe3 16. Qxe3 Kb8 17. Nc5 Be8 18. Rxd8+ Nxd8 19. Bxe8 Rxe8 20. Rd1 b6
21. Na4 Kb7 22. Nd4 e5 23. Nf5 Qe6 24. Qe4+ Kb8 25. Nxg7 Qe7 26. Nxe8 Qxe8 27.
Nc3 Nde6 28. Qxh7 Nd4 29. b3 Qf8 30. Nd5 Nxd5 31. cxd5 Qd6 32. Qg8+ Kb7 33.
Qf7+ Ka6 34. h4 Qc5 35. Qd7 Qc2 36. Qa4+ Kb7 37. Rxd4 exd4 38. Qc6+ Qxc6 39.
dxc6+ Kxc6 40. h5 1-0

[Event "DVM U16 2007"]
[Site "Uelzen GER"]
[Date "2007.12.28"]
[Round "3"]
[White "Seemann, Semjon"]
[Black "Strathoff, Jens"]
[Result "0-1"]
[Termination "normal"]
[Board "1.2"]
[WhiteElo "2045"]
[BlackElo "2031"]
[WhiteTeam "Post SV Uelzen"]
[BlackTeam "SF Brackel"]
[PlyCount "60"]
[WhiteFideId "24624080"]
[BlackFideId "4699084"]
[EventCountry "GER"]
[EventRounds "7"]
[EventType "team-swiss"]
[EventDate "2007.12.26"]

1. e4 e5 2. Nf3 Nc6 3. Bc4 Bc5 4. c3 Nf6 5. d3 d6 6. O-O O-O 7. Nbd2 Bb6 8. Bb3
Be6 9. Bc2 h6 10. h3 Nh7 11. Re1 f5 12. exf5 Bxf5 13. Ne4 Kh8 14. Ng3 Bg6 15.
Qe2 Qf6 16. h4 Qf7 17. Bb3 Qe8 18. Be3 Nf6 19. Nd2 Qd7 20. Bxb6 axb6 21. Nde4
Nxe4 22. dxe4 Ne7 23. Rad1 Bh7 24. Qh5 Ng6 25. Nf1 Nf4 26. Qf3 Qe7 27. Qg4 Rf6
28. h5 g6 29. Ng3 gxh5 30. Qh4 Nxg2 0-1

[Event "DVM U16 2007"]
[Site "Uelzen GER"]
[Date "2007.12.28"]
[Round "3"]
[White "Kartsev, Alexandr"]
[Black "Kaphle, Sebastian"]
[Result "0-1"]
[Termination "normal"]
[Board "1.3"]
[WhiteElo "1989"]
[BlackElo "2086"]
[WhiteTeam "SF Brackel"]
[BlackTeam "Post SV Uelzen"]
[PlyCount "78"]
[WhiteFideId "24647110"]
[BlackFideId "24626708"]
[EventCountry "GER"]
[EventRounds "7"]
[EventType "team-swiss"]
[EventDate "2007.12.26"]

1. e4 c5 2. c3 Nf6 3. e5 Nd5 4. d4 cxd4 5. Qxd4 e6 6. Nf3 Nc6 7. Qe4 f5 8. Qe2
Qc7 9. g3 d6 10. exd6 Bxd6 11. Bg2 O-O 12. O-O Nf6 13. Nd4 Nxd4 14. cxd4 Bd7
15. Nc3 a6 16. Re1 Rae8 17. f4 Bc6 18. Be3 Bxg2 19. Qxg2 Bb4 20. Rac1 Qd7 21.
Re2 Bxc3 22. bxc3 b5 23. Rec2 Rc8 24. Qe2 Rc4 25. Qd3 Qd5 26. Re1 Rfc8 27. Bc1
Ne4 28. Bb2 b4 29. Rec1 bxc3 30. Rxc3 Nxc3 31. Rxc3 Rxc3 32. Bxc3 Qxa2 33. Qe3
Qb3 34. d5 Qxc3 35. Qxe6+ Kh8 36. Qxa6 Qd4+ 37. Kg2 Qxd5+ 38. Kh3 Rc2 39. Qf1
Qc6 0-1